[Event "Berliner Sommer"]
[Site "Berlin"]
[Date "1996.??.??"]
[Round "6"]
[White "Bartsch, Steffen"]
[Black "Grigore, George"]
[Result "0-1"]
[WhiteElo "2300"]
[BlackElo "2460"]

1.d4 Nf6 2.Bg5 Ne4 3.Bf4 c6 4.Nd2 Qa5 5.c3 Nxd2 6.Qxd2 d6 7.Nf3 Nd7 8.e4 e5
9.dxe5 dxe5 10.Be3 Nf6 11.Qc2 Be7 12.h3 O-O 13.Be2 Be6 14.O-O Rad8 15.a3 Qc7
16.Rad1 h6 17.Rxd8 Rxd8 18.Nd2 c5 19.c4 Qc6 20.f3 Nh5 21.Nb1 Bxh3 22.gxh3 Qg6+
23.Kh1 Qg3 24.Rf2 Bg5 25.Qc1 Qxf2  0-1

[Event "Bern Cup"]
[Site "Bern"]
[Date "1996.??.??"]
[Round "?"]
[White "Hodgson, Julian M"]
[Black "Gallagher, Joseph G"]
[Result "1/2-1/2"]
[WhiteElo "2615"]
[BlackElo "2525"]

1.d4 Nf6 2.Bg5 Ne4 3.Bf4 c5 4.d5 Qb6 5.Bc1 d6 6.f3 Nf6 7.e4 g6 8.c4 Bg7 9.Nc3 O-O
10.Nge2 e6 11.Ng3 exd5 12.cxd5 Nbd7 13.Be2 h5 14.a4 a6 15.a5 Qc7 16.O-O Re8
17.Rf2 Rb8 18.Nf1 Ne5 19.Ne3 Qe7 20.Na4 Bd7 21.Nb6 Bb5 22.Bxb5 axb5 23.Qb3 b4
24.Nec4 Nfd7 25.Nxe5 Nxe5 26.Bf4 Nd7 27.Nc4 Ne5 28.Nb6 Nd7 29.Nc4 Ne5 30.Nb6 Nd7  1/2-1/2

[Event "Bern op"]
[Site "Bern"]
[Date "1996.??.??"]
[Round "3"]
[White "Weindl, Alfred"]
[Black "Forster, Richard"]
[Result "1-0"]
[WhiteElo "2335"]
[BlackElo "2335"]

1.d4 Nf6 2.Bg5 Ne4 3.Bf4 c5 4.d5 Qb6 5.Nd2 Qxb2 6.Nxe4 Qb4+ 7.Qd2 Qxe4 8.e3 e6
9.Ne2 exd5 10.Nc3 Qe6 11.Qxd5 Nc6 12.Nb5 Qxd5 13.Nc7+ Kd8 14.Nxd5 d6 15.O-O-O Be6
16.Nc3 Rc8 17.Nb5 d5 18.Bc4 d4 19.Bxe6 fxe6 20.exd4 cxd4 21.Rhe1 Bc5 22.Rxe6 Kd7
23.Re4 Rhe8 24.Rxe8 Kxe8 25.Nd6+ Bxd6 26.Bxd6 Rd8 27.Ba3 Rd5 28.Bb2 Kd7 29.c3 Rg5
30.g3 Ke6 31.cxd4 Kd5 32.Re1 Rh5 33.h4 Rf5 34.f4 Rf6 35.Re3 Nxd4 36.Re5+ Kc4
37.Re4 Rd6 38.Kd2  1-0

[Event "Bern op"]
[Site "Bern"]
[Date "1996.??.??"]
[Round "4"]
[White "Manievich, Victor"]
[Black "Wyss, Thomas"]
[Result "1-0"]
[WhiteElo "2250"]
[BlackElo "2230"]

1.d4 Nf6 2.Bg5 Ne4 3.Bf4 d5 4.f3 Nf6 5.Nc3 e6 6.e4 Bb4 7.e5 Nfd7 8.Ne2 O-O
9.a3 Be7 10.Qd2 c5 11.Bg3 Nc6 12.f4 f6 13.exf6 Nxf6 14.O-O-O b5 15.Nxb5 Rb8
16.Nbc3 Na5 17.Ng1 cxd4 18.Qxd4 Nc6 19.Qa4 Qb6 20.Bb5 d4 21.Bf2 Bc5 22.b4 dxc3
23.Bxc5 Qxb5 24.Qxb5 Rxb5 25.Bxf8 Kxf8 26.Ne2 Nd5 27.Rd3 Rb8 28.Nxc3 Ba6
29.Rh3 h6 30.Re1 Bc4 31.Re4 Bf1 32.Rxe6 Nxc3 33.Rxc3 Nd4 34.Re1 Ne2+ 35.Kb2 Nxc3
36.Rxf1 Rc8 37.Rf3 Nd5 38.Rd3 Nb6 39.Kb3 Rc4 40.g3 Re4 41.Rd6 Re2 42.a4 Rxh2
43.a5 Rh3 44.axb6 Rxg3+ 45.Kc4 axb6 46.Rxb6 Rg4 47.Kd5 Rxf4 48.c4 h5 49.c5 Rf1
50.c6 Rd1+ 51.Ke6 Re1+ 52.Kd7 Rd1+ 53.Kc8 Rc1 54.c7 Ke7 55.b5 h4 56.Rg6 Rb1
57.b6 h3 58.Kb7 h2 59.Rxg7+  1-0

[Event "Bern op"]
[Site "Bern"]
[Date "1996.??.??"]
[Round "6"]
[White "Gilles, Raphael"]
[Black "Adler, Joel"]
[Result "1-0"]
[WhiteElo "2275"]
[BlackElo "2265"]

1.d4 Nf6 2.Bg5 Ne4 3.Bf4 d5 4.f3 Nf6 5.e4 e6 6.Bg5 h6 7.Bh4 c5 8.Nc3 dxe4
9.d5 g5 10.Bg3 exd5 11.Be5 d4 12.Nxe4 Nbd7 13.Nxf6+ Nxf6 14.Bb5+ Ke7 15.Qe2 Qa5+
16.c3 Be6 17.f4 gxf4 18.Nf3 Bg7 19.b4 Qa3 20.O-O Qxc3 21.Bxf4 Nd5 22.Bd2 Qa3
23.Ne5 Ne3 24.Nc4 Nxc4 25.Bxc4 Rhe8 26.Qh5 Kd7 27.Qxc5 Re7 28.Bb5+ Kd8 29.Qd6+ Bd7
30.Rae1  1-0

[Event "Bern op"]
[Site "Bern"]
[Date "1996.??.??"]
[Round "7"]
[White "Weindl, Alfred"]
[Black "Manievich, Victor"]
[Result "1-0"]
[WhiteElo "2335"]
[BlackElo "2250"]

1.d4 Nf6 2.Bg5 Ne4 3.Bf4 c5 4.d5 Qb6 5.Nd2 Qxb2 6.Nxe4 Qb4+ 7.Qd2 Qxe4 8.e3 g5
9.f3 Qg6 10.Be5 Bg7 11.Bd3 Qh6 12.Qc3 O-O 13.h4 f6 14.Bxb8 Rxb8 15.Qxc5 f5
16.Rb1 b6 17.Qc7 Rb7 18.Qg3 g4 19.Qf4 Qxf4 20.exf4 Rc7 21.fxg4 fxg4 22.Ne2 d6
23.Kd2 Bb7 24.c4 Rc5 25.Rhc1 Bc8 26.Rb5 e6 27.Rxc5 dxc5 28.g3 Rd8 29.Nc3 Bxc3+
30.Kxc3 exd5 31.cxd5 Re8 32.Bb5 Re3+ 33.Kd2 Re4 34.Bc6 Kf8 35.Rc3 Rd4+ 36.Kc1 Bf5
37.Ra3 Rc4+ 38.Kd2 Rd4+ 39.Ke3 Ke7 40.Rxa7+ Kd6 41.Rf7 Re4+ 42.Kd2 Rd4+ 43.Kc1 Bc8
44.Rf8 Kc7 45.f5 Rd3 46.f6 Rxg3 47.f7  1-0

[Event "Biel Credis"]
[Site "Biel"]
[Date "1996.??.??"]
[Round "5"]
[White "Casagrande, Harald"]
[Black "Gallagher, Joseph G"]
[Result "0-1"]
[WhiteElo "2365"]
[BlackElo "2530"]

1.d4 Nf6 2.Bg5 Ne4 3.h4 c5 4.dxc5 Qa5+ 5.Nd2 Nxg5 6.hxg5 g6 7.Nf3 Bg7 8.c3 Qxc5
9.b4 Qc7 10.e3 d6 11.Rc1 Nd7 12.Nd4 a6 13.c4 Qb6 14.c5 dxc5 15.bxc5 Nxc5
16.Bc4 O-O 17.Qf3 Qb2 18.Rb1 Qc3 19.Rh4 e5 20.Nb3 Nxb3 21.Rxb3 Qc1+ 22.Ke2 Bf5
23.e4 Rad8 24.Bd5 Rxd5 25.exd5 Bc2 26.Rc4 e4 27.Nxe4 Re8 28.Rxc2 Qxc2+ 29.Ke3 Qc1+
30.Ke2 Qxg5 31.Re3 Qd8 32.d6 f5 33.Ng5 Rxe3+ 34.Qxe3 Bf6 35.Qe6+ Kg7 36.Nf7 Qa5
37.d7 Qb5+ 38.Kf3 Qb2 39.d8=Q Bxd8 40.Nxd8  0-1

[Event "SLO-chT"]
[Site "Bled"]
[Date "1996.??.??"]
[Round "5"]
[White "Parkelj, M."]
[Black "Mihevc, Narcisa"]
[Result "0-1"]
[WhiteElo "1840"]
[BlackElo "2235"]

1.d4 Nf6 2.Bg5 Ne4 3.h4 c5 4.dxc5 Qa5+ 5.c3 Qxc5 6.Be3 Qc7 7.Nf3 Nc6 8.Nbd2 Nf6
9.Bg5 Ng4 10.e3 e5 11.h5 h6 12.Bh4 d6 13.Be2 Nf6 14.Bxf6 gxf6 15.Ne4 Be7
16.Ng3 Be6 17.Qa4 Qa5 18.Qxa5 Nxa5 19.Bb5+ Nc6 20.a3 a6 21.Ba4 d5 22.O-O-O O-O-O
23.Nh4 b5 24.Bc2 Bc5 25.Nhf5 Kc7 26.Kb1 e4 27.b4 Bb6 28.Kb2 Ne5 29.Kb3 d4+
30.Kb2 Nc4+  0-1

[Event "Budapest FS09 GM"]
[Site "Budapest"]
[Date "1996.??.??"]
[Round "4"]
[White "Schebler, Gerhard"]
[Black "Sukharisingh, Ralf"]
[Result "1-0"]
[WhiteElo "2425"]
[BlackElo "2400"]

1.d4 Nf6 2.Bg5 Ne4 3.Bf4 d5 4.Nd2 Nxd2 5.Qxd2 Bf5 6.e3 e6 7.Ne2 Be7 8.c4 O-O
9.Nc3 c6 10.Be2 Nd7 11.f3 Bg6 12.Rd1 dxc4 13.Bxc4 Nb6 14.Bb3 Nd5 15.Bg3 Bh4
16.e4 Bxg3+ 17.hxg3 Nxc3 18.bxc3 Qe7 19.Qe3 Kh8 20.Kf2 Rfd8 21.f4 h6 22.g4 f6
23.f5 exf5 24.gxf5 Bh7 25.g4 Re8 26.Be6 Qf8 27.d5 cxd5 28.exd5 Qd6 29.Qd4 Qb6
30.c4 Qxd4+ 31.Rxd4 b6 32.d6 Rab8 33.Rb1 Rbd8 34.a4 g5 35.a5  1-0

[Event "Budapest FS09 IM"]
[Site "Budapest"]
[Date "1996.??.??"]
[Round "4"]
[White "Galyas, Miklos"]
[Black "Seres, Lajos"]
[Result "0-1"]
[WhiteElo "2290"]
[BlackElo "2450"]

1.d4 Nf6 2.Bg5 Ne4 3.Bf4 c5 4.d5 Qb6 5.Nd2 Nxd2 6.Bxd2 Qxb2 7.e4 g6 8.Rb1 Qe5
9.Bd3 Bg7 10.Qe2 Qc7 11.h4 h5 12.f4 d6 13.Nf3 Bg4 14.O-O Nd7 15.c4 O-O 16.Qf2 Bxf3
17.Qxf3 Nf6 18.Bc3 Ng4 19.Bxg7 Kxg7 20.Be2 Qa5 21.Rxb7 Rfb8 22.Qb3 Rxb7 23.Qxb7 Qd8
24.Bxg4 hxg4 25.e5 Rb8 26.Qxa7 Ra8 27.Qb7 Rxa2 28.Rb1 dxe5 29.fxe5 Re2 30.Qa7 g3
31.Qxc5 Qb8 32.Kf1 Qxe5 33.Qa3 Rf2+ 34.Kg1 Qd4  0-1

[Event "Budapest FS07 IM"]
[Site "Budapest"]
[Date "1996.??.??"]
[Round "6"]
[White "Knezevic, Bojan"]
[Black "Belotelov, Dimitri"]
[Result "1/2-1/2"]
[WhiteElo "2380"]
[BlackElo "2230"]

1.d4 Nf6 2.Bg5 Ne4 3.h4 h6 4.Bf4 c5 5.f3 Qa5+ 6.c3 Nf6 7.d5 Qb6 8.e4 Qxb2
9.Nd2 Qxc3 10.Ne2 Qa5 11.Kf2 d6 12.Nc4 Qd8 13.Rb1 g6 14.Nc3 Bg7 15.Qd2 Nbd7
16.g4  1/2-1/2

[Event "Budapest FS08 GM"]
[Site "Budapest"]
[Date "1996.??.??"]
[Round "7"]
[White "Miltner, Arndt"]
[Black "Kumaran, Dharshan"]
[Result "1/2-1/2"]
[WhiteElo "2330"]
[BlackElo "2495"]

1.d4 Nf6 2.Bg5 Ne4 3.Bf4 d5 4.Nd2 Bf5 5.e3 Nxd2 6.Qxd2 e6 7.Nf3 Be7 8.Bd3 Bxd3
9.cxd3 O-O 10.O-O c6 11.b4 Nd7 12.Rab1 Qb6 13.a4 Rfc8 14.Rfc1 Qa6 15.b5 cxb5
16.axb5 Qb6 17.h3 h6 18.Qb2 Qd8  1/2-1/2

[Event "JUG-chT"]
[Site "Budva"]
[Date "1996.??.??"]
[Round "1"]
[White "Kosic, Dragan"]
[Black "Azaric, Slavko"]
[Result "1/2-1/2"]
[WhiteElo "2515"]
[BlackElo "2290"]

1.d4 Nf6 2.Bg5 Ne4 3.Bf4 c5 4.f3 Qa5+ 5.c3 Nf6 6.Nd2 cxd4 7.Nb3 Qa4 8.Nxd4 Qxd1+
9.Rxd1 d5 10.e4 e6 11.Nb5 Na6 12.exd5 Nxd5 13.Nd6+ Bxd6 14.Bxd6 Ne3 15.Bb5+ Bd7
16.Bxd7+ Kxd7 17.Rd3 Nd5 18.Bg3 b5 19.Ne2 Rhc8 20.O-O Ke8 21.Nd4 b4 22.Nb5 Ke7
23.Nd6 Rd8 24.c4 Nb6 25.b3 Nc5 26.Rd2 a5 27.Re1 Kf8 28.Bf2 Nbd7 29.Red1 Ke7
30.Nb5 Rdc8 31.Be1 Nb6 32.Bg3 a4 33.Rb1 axb3 34.axb3 f6 35.Rd6 Nbd7 36.Be1 Na6
37.Bg3 Ndc5 38.Rb6 e5 39.f4 e4 40.f5 Rd8 41.Nd6 h5 42.Nxe4 Nxe4 43.Re6+ Kf7
44.Rxe4 Nc5 45.Re3 Ra2 46.Be1 Rd3 47.Rxd3 Nxd3 48.Rd1 Nxe1 49.Rxe1 Rb2 50.Re3 h4
51.h3 Rc2 52.Kf1 Rb2 53.Rd3 Ke7 54.Kg1 Rc2 55.Kf1 Rb2 56.g3 hxg3 57.Rxg3 Kd6
58.Re3 Rh2 59.Ke1 Rb2 60.Kd1 Rf2  1/2-1/2

[Event "Cacak"]
[Site "Cacak"]
[Date "1996.??.??"]
[Round "7"]
[White "Hodgson, Julian M"]
[Black "Paunovic, Dragan"]
[Result "1-0"]
[WhiteElo "2550"]
[BlackElo "2495"]

1.d4 Nf6 2.Bg5 Ne4 3.Bf4 d5 4.e3 Nd7 5.Bd3 Ndf6 6.f3 Nd6 7.Nc3 e6 8.e4 Nh5
9.Be3 Be7 10.g4 dxe4 11.fxe4 Bh4+ 12.Kf1 f5 13.e5 fxg4 14.Qxg4 O-O+ 15.Ke2 Nf5
16.Nf3 Nf6 17.exf6 Bxf6 18.Rhg1 Nxe3 19.Kxe3 e5 20.Bxh7+ Kxh7 21.Qh5+ Kg8
22.dxe5 Qe7 23.Rae1 Bd7 24.Kd2 Bc6 25.Ne4 Qb4+ 26.Kc1 Bxe4 27.Qg4 Qc4 28.Rxe4 Qxa2
29.Ra4 Qf7 30.exf6 Qxf6 31.Qc4+ Qf7 32.Ng5 Qxc4 33.Rxc4 Rae8 34.Rxc7 Re2
35.Ne6  1-0

[Event "Cannes op"]
[Site "Cannes"]
[Date "1996.??.??"]
[Round "6"]
[White "Weindl, Alfred"]
[Black "Berthelot, Yannick"]
[Result "0-1"]
[WhiteElo "2335"]
[BlackElo "2280"]

1.d4 Nf6 2.Bg5 Ne4 3.Bf4 c5 4.d5 Qb6 5.Nd2 Qxb2 6.Nxe4 Qb4+ 7.Qd2 Qxe4 8.e3 g5
9.f3 Qf5 10.Bg3 Qf6 11.c3 Bg7 12.Rc1 d6 13.h4 h6 14.Nh3 Bxh3 15.Rxh3 Nd7
16.Rh1 Rb8 17.a4 a6 18.c4 Nb6 19.Qc2 Qb2 20.Qxb2 Bxb2 21.Rb1 Nxa4 22.Kd2 Bf6
23.Kc2 Kd7 24.hxg5 hxg5 25.Rxh8 Bxh8 26.Be1 Kc7 27.Bd3 Bf6 28.Bd2 Rh8 29.Kb3 Nb2
30.Bf5 b5 31.cxb5 axb5 32.Rxb2 Bxb2 33.Kxb2 Rh2 34.Bh3 Kb6 35.e4 b4 36.Bxg5 f6
37.Bh6 Kb5 38.Bf8 c4 39.Bxe7 Kc5 40.Bxf6 Rh1 41.Be7 Re1 42.Bf6 Re2+ 43.Kc1 c3
44.Bf5 Kc4 45.Kd1 Rxg2 46.e5 b3 47.exd6 c2+ 48.Bxc2 bxc2+ 49.Kc1 Kb3  0-1

[Event "EU-ch Rapid-30'"]
[Site "Cap d`Agde"]
[Date "1996.??.??"]
[Round "?"]
[White "Adams, Michael"]
[Black "Leko, Peter"]
[Result "1-0"]
[WhiteElo "2685"]
[BlackElo "2630"]

1.d4 Nf6 2.Bg5 Ne4 3.Bf4 c5 4.f3 Nf6 5.dxc5 Qa5+ 6.Nc3 Qxc5 7.e4 g6 8.Qd2 d6
9.O-O-O Bg7 10.Bh6 O-O 11.h4 Be6 12.h5 Nxh5 13.Bxg7 Kxg7 14.g4 Nf6 15.Qh6+ Kg8
16.Nge2 Qf2 17.e5 Rc8 18.exf6 exf6 19.Nd5 Bxd5 20.Qxh7+ Kf8 21.Qh8+ Ke7 22.Qxc8 Qxf3
23.Rh8 Qe3+ 24.Kb1  1-0

[Event "Cappelle op"]
[Site "Cappelle la Grande "]
[Date "1996.??.??"]
[Round "1"]
[White "Buckley, Graeme"]
[Black "Kharitonov, Andrei Y"]
[Result "0-1"]
[WhiteElo "2385"]
[BlackElo "2560"]

1.d4 Nf6 2.Bg5 Ne4 3.Bh4 c5 4.f3 Nf6 5.c3 Qb6 6.Qb3 d5 7.e3 e6 8.Na3 Nbd7
9.Nh3 a6 10.Nf2 Qc7 11.Bg3 Bd6 12.Bxd6 Qxd6 13.f4 O-O 14.Be2 b5 15.Bf3 Bb7
16.O-O Rae8 17.Nb1 Nb6 18.Qd1 Nfd7 19.Nd2 f6 20.Bg4 cxd4 21.cxd4 Nc4 22.Nxc4 dxc4
23.Bf3 Bxf3 24.Qxf3 f5 25.Rad1 Nf6 26.e4 Qb4 27.Qc3 Qxc3 28.bxc3 fxe4 29.Rfe1 e3
30.Nh3 Nd5 31.Rc1 h6 32.g3 a5 33.a3 b4 34.axb4 axb4 35.cxb4 c3 36.b5 Re7
37.f5 Rxf5 38.b6 Rb7 39.Nf4 Rxf4 40.gxf4 Rxb6 41.Rf1 g6 42.Ra1 Rb2 43.Ra8+ Kf7
44.Rc8 Rd2 45.Ra1 Nxf4 46.h4 g5 47.hxg5 hxg5 48.Ra5 e2  0-1

[Event "Catalunya-chT"]
[Site "Catalunya"]
[Date "1996.??.??"]
[Round "?"]
[White "Mellado Trivino, Juan"]
[Black "Torrecillas Martinez, Antonio"]
[Result "1-0"]
[WhiteElo "2470"]
[BlackElo "2345"]

1.d4 Nf6 2.Bg5 Ne4 3.Bf4 c5 4.f3 Qa5+ 5.c3 Nf6 6.Nd2 cxd4 7.Nb3 Qb6 8.Qxd4 Qxd4
9.Nxd4 a6 10.e4 d6 11.Bg5 Nbd7 12.Bc4 g6 13.a4 Bg7 14.Nge2 Ne5 15.Bb3 Nd3+
16.Kd2 Nc5 17.Bc2 Bd7 18.b4 Ne6 19.Be3 O-O 20.Bb3 Nc7 21.Rhd1 Rac8 22.Ke1 Rfd8
23.a5 d5 24.e5 Nfe8 25.f4 e6 26.Rac1 Bf8 27.g4 Nb5 28.Nxb5 Bxb5 29.Bb6 Bxe2
30.Kxe2 Nc7 31.c4 Re8 32.Ba4 Red8 33.c5 Kg7 34.c6 bxc6 35.Bxc6 Nb5 36.Bxb5 axb5
37.Bxd8 Rxd8 38.a6 Bxb4 39.Rb1 Bc3 40.Rxb5 Ra8 41.Rb6 g5 42.Kd3 Ba5 43.Rb5 Bd8
44.Ra1 gxf4 45.Rb7 Bh4 46.Ra4 Kg6 47.Ke2 d4 48.a7 d3+ 49.Kxd3 Bf2 50.Rxf4 Rxa7
51.Rfxf7 Ra3+ 52.Ke4 Ra4+ 53.Kf3 Bd4 54.Rg7+  1-0

[Event "Chicago op"]
[Site "Chicago"]
[Date "1996.??.??"]
[Round "?"]
[White "Zingheim, S."]
[Black "Fishbein, Alexander"]
[Result "0-1"]
[WhiteElo "2290"]
[BlackElo "2595"]

1.d4 Nf6 2.Bg5 Ne4 3.Bf4 c5 4.f3 Nf6 5.d5 Qb6 6.Bc1 e6 7.c4 exd5 8.cxd5 c4
9.Nc3 Bc5 10.Nh3 O-O 11.e4 d6 12.Bxc4 Bxh3 13.gxh3 Nfd7 14.Kd2 Ne5 15.Be2 Na6
16.Kc2 Bd4 17.Na4 Qb4 18.Kb1 Nc5 19.Nxc5 Qxc5 20.Qc2 Rac8 21.Qxc5 Rxc5 22.Bd2 Rfc8
23.Rc1 Rxc1+ 24.Bxc1 f5 25.a4 fxe4 26.fxe4 Rf8 27.Ra2 Rf2 28.b3 Rxh2 29.Bf1 Rh1
30.Bg2 Rg1 31.Rc2 Be3  0-1

[Event "Obro Nytaar op"]
[Site "Copenhagen"]
[Date "1996.??.??"]
[Round "2"]
[White "Fries Nielsen, Jens Ove"]
[Black "Molvig, Henrik"]
[Result "1-0"]
[WhiteElo "2425"]
[BlackElo "2210"]

1.d4 Nf6 2.Bg5 Ne4 3.h4 c5 4.dxc5 Qa5+ 5.Nd2 Nxg5 6.hxg5 Qxc5 7.Ngf3 d5 8.c3 Nc6
9.Nb3 Qd6 10.Qd3 g6 11.O-O-O Be6 12.Nbd4 Bg7 13.Nxe6 Qxe6 14.Qxd5 Qxd5 15.Rxd5 Rc8
16.e3 e6 17.Rd2 a6 18.Be2 Ke7 19.Rhd1 Rhd8 20.Rxd8 Nxd8 21.Rh1  1-0

[Event "Politiken Cup"]
[Site "Copenhagen"]
[Date "1996.??.??"]
[Round "7"]
[White "Hodgson, Julian M"]
[Black "Hjartarson, Johann"]
[Result "1/2-1/2"]
[WhiteElo "2615"]
[BlackElo "2570"]

1.d4 Nf6 2.Bg5 Ne4 3.Bf4 d5 4.e3 c6 5.Bd3 Qb6 6.Bxe4 Qxb2 7.Nd2 dxe4 8.Ne2 Nd7
9.O-O Nf6 10.c4 Qa3 11.Ng3 g6 12.Be5 Bg7 13.Ngxe4 Nxe4 14.Bxg7 Nxd2 15.Qxd2 Rg8
16.Be5 f6 17.Bg3 b6 18.e4 c5 19.d5 Rg7 20.e5 fxe5 21.Bxe5 Rf7 22.Rfe1 Bf5
23.Qg5 Qa4 24.Bd6 O-O-O 25.Bxe7 Re8 26.Qh4 Bd3 27.Rac1 Bxc4 28.d6 Bb5  1/2-1/2

[Event "Politiken Cup"]
[Site "Copenhagen"]
[Date "1996.??.??"]
[Round "7"]
[White "Schneider, Stefan"]
[Black "Fulgsang, Flemming"]
[Result "1-0"]
[WhiteElo "2225"]
[BlackElo "2285"]

1.d4 Nf6 2.Bg5 Ne4 3.Bf4 d5 4.Nd2 Bf5 5.e3 e6 6.Ngf3 Bd6 7.Bxd6 Qxd6 8.Nh4 Bg6
9.Nxg6 hxg6 10.g3 Qb4 11.Rb1 Qa5 12.a3 Nd7 13.c3 Nxd2 14.Qxd2 Nf6 15.Bg2 O-O-O
16.O-O Rh6 17.b4 Qb6 18.c4 dxc4 19.Qe2 g5 20.Qxc4 g4 21.a4 Rdh8 22.a5 Qd6
23.Qc5 Rxh2 24.Qxd6 cxd6 25.Rfc1+ Kb8 26.a6 bxa6 27.b5 a5 28.b6 Nd5 29.bxa7+ Kxa7
30.Rc6 R2h5 31.Rxd6 Rb8 32.Rd7+ Ka8 33.Ra1 Rb7 34.Rd8+ Ka7 35.Rxa5+ Kb6 36.Bxd5 Rc7
37.Rc5 exd5 38.Rdxd5 Rxd5 39.Rxd5 g6 40.Rg5 Rc6 41.Rxg4 Kb5  1-0

[Event "CZE-chT 9596"]
[Site "?"]
[Date "1996.??.??"]
[Round "2"]
[White "Cech, Pavel"]
[Black "Berzinsh, Roland"]
[Result "1/2-1/2"]
[WhiteElo "2355"]
[BlackElo "2440"]

1.d4 Nf6 2.Bg5 Ne4 3.h4 d5 4.Nd2 Nxg5 5.hxg5 c5 6.e3 Nc6 7.Ngf3 cxd4 8.exd4 Qb6
9.c4 Nxd4 10.cxd5 Nxf3+ 11.Qxf3 Qxb2 12.Rb1 Qe5+ 13.Kd1 Bd7 14.Rh4 Rc8 15.Rxb7 g6
16.Re4 Qxg5 17.Rxd7 Kxd7 18.Bb5+ Kd8 19.Qxf7 Bh6 20.f4 Qf6 21.Qxf6 exf6 22.Nc4 Rc5
23.Bc6 f5 24.Rd4 Kc7 25.Ne5 Bf8 26.Ra4 a5 27.Nf7 Rg8 28.Ng5 Kb6 29.Rd4 Bg7
30.Rd3 Rc3 31.Rxc3 Bxc3 32.Nxh7 Rh8 33.Ng5 Rh2 34.Be8 Bf6 35.Bxg6 Rxg2 36.Bxf5 Bxg5
37.fxg5 Rxg5 38.Be6 Rg2 39.d6 Rh2 40.Kc1 Kc6 41.d7 Kc7 42.Kb1 Kd8 43.Bf5 Rf2
44.Bg4 Kc7 45.Bh3 a4 46.Bf5 a3 47.Bh3 Rb2+ 48.Ka1 Rh2 49.Bf5 Rh1+ 50.Bb1 Rh5
51.d8=B+ Kxd8 52.Bg6 Rh2 53.Bb1 Kc7 54.Bd3 Kd6 55.Bb1 Kc5 56.Bd3 Kd4 57.Bb1 Kc3
58.Be4 Kd2 59.Bb1 Kc1 60.Bc2 Kxc2  1/2-1/2

[Event "CZE-chT 9596"]
[Site "?"]
[Date "1996.??.??"]
[Round "9"]
[White "Jansa, Vlastimil"]
[Black "Smejkal, Jan"]
[Result "1/2-1/2"]
[WhiteElo "2500"]
[BlackElo "2510"]

1.d4 Nf6 2.Bg5 Ne4 3.Bf4 d5 4.Nf3 Nf6 5.Nc3 e6 6.e4 Bb4 7.e5 Nfd7 8.a3 Bxc3+
9.bxc3 c5 10.Be3 Qa5 11.Qd2 Nc6  1/2-1/2

[Event "CZE-chT2b 9596"]
[Site "CZE"]
[Date "1996.??.??"]
[Round "?"]
[White "Trojacek, Pavel"]
[Black "Hornicek, Jiri"]
[Result "1-0"]
[WhiteElo "2165"]
[BlackElo "2275"]

1.d4 Nf6 2.Bg5 Ne4 3.h4 c5 4.dxc5 Nxg5 5.hxg5 Qa5+ 6.Nc3 Qxc5 7.g6 fxg6 8.Qd3 d6
9.Nf3 Nc6 10.O-O-O Bf5 11.e4 Bg4 12.Be2 e6 13.e5 d5 14.Ng5 Be7 15.Bxg4 Bxg5+
16.Kb1 O-O-O 17.Bxe6+ Kb8 18.Bxd5 Nxe5 19.Qe4 Bf6 20.Bxb7 Nc4 21.Ba6 Na5
22.Rd5 Rxd5 23.Nxd5 Bd4 24.b4 Qc6 25.Qf4+ Ka8 26.Qxd4 Qxa6 27.Nc7+  1-0

[Event "CZE-chT1 9596"]
[Site "CZE"]
[Date "1996.??.??"]
[Round "?"]
[White "Jirovsky, Pavel"]
[Black "Smejkal, Jan"]
[Result "1/2-1/2"]
[WhiteElo "2315"]
[BlackElo "2515"]

1.d4 Nf6 2.Bg5 Ne4 3.h4 d5 4.Nd2 Nxg5 5.hxg5 e5 6.dxe5 Qxg5 7.Ndf3 Qe7 8.c3 Be6
9.Qd3 g6 10.e4 dxe4 11.Qxe4 c6 12.Bc4 Bxc4 13.Qxc4 Nd7 14.O-O-O Bg7 15.Nh3 O-O-O
16.Nhg5  1/2-1/2

[Event "CZE-chT2c 9596"]
[Site "CZE"]
[Date "1996.??.??"]
[Round "8"]
[White "Pastor, Karel"]
[Black "Babula, Vlastimil"]
[Result "0-1"]
[WhiteElo "2260"]
[BlackElo "2530"]

1.d4 Nf6 2.Bg5 Ne4 3.Bf4 d5 4.e3 Bf5 5.f3 Nf6 6.g4 Bg6 7.h4 h6 8.Bd3 Bxd3
9.Qxd3 c5 10.Qb5+ Qd7 11.Qxd7+ Kxd7 12.Ne2 Nc6 13.Nbc3 cxd4 14.Nxd4 Nxd4
15.exd4 e6 16.Ne2 h5 17.g5 Ng8 18.Kd2 Ne7 19.Kd3 Rc8 20.b3 Nc6 21.c3 Ba3
22.Bc1 Bd6 23.Bf4 Ba3 24.Bc1 Be7 25.Nf4 Na5 26.Bd2 Bd6 27.Ne2 Rc6 28.Rhc1 Rhc8
29.Rab1 b5 30.Bf4 Be7 31.Bd2 Nb7 32.Bf4 Bd8 33.Rc2 Bc7 34.Bxc7 R6xc7 35.Nf4 g6
36.Ng2 Nd6 37.Ne3 Ke8 38.Rbc1 f6 39.Re1 Kf7 40.Rg1 Kg7 41.gxf6+ Kh7 42.Rcg2 Rg8
43.Rg5 Rf7 44.c4 bxc4+ 45.bxc4 dxc4+ 46.Nxc4 Nf5 47.Ne5 Rxf6 48.Nd7 Rf7 49.Ne5 Rfg7
50.Nxg6 Rxg6 51.Rxh5+ Nh6 52.Rxg6 Kxg6 53.Ra5 Nf5 54.Ra6 Kf7 55.Rxa7+ Kf6
56.Rd7 Ne7 57.h5 Ra8 58.h6 Ra3+ 59.Kc4 Rxa2 60.h7 Rh2 61.Rd8 Rxh7 62.Rf8+ Rf7
63.Rh8 Nd5 64.Rh6+ Ke7  0-1

[Event "Decin op"]
[Site "Decin"]
[Date "1996.??.??"]
[Round "1"]
[White "Ionescu, Doru Alexandru"]
[Black "Obodchuk, Andrei"]
[Result "0-1"]
[WhiteElo "2235"]
[BlackElo "2430"]

1.d4 Nf6 2.Bg5 Ne4 3.Bh4 d5 4.f3 g5 5.fxe4 gxh4 6.exd5 Qxd5 7.Nc3 Qa5 8.Nf3 Bg7
9.Qd2 Nc6 10.e4 Bg4 11.Bb5 O-O-O 12.Qg5 Bxf3 13.Qxg7 Nxd4 14.gxf3 Nxc2+ 15.Ke2 Qb6
16.Qg1 Nd4+ 17.Kf1 a6 18.a4 axb5 19.axb5 Kb8 20.Qe3 Rhg8 21.Kf2 Nc2 22.Qxb6 Rd2+
23.Ne2 cxb6 24.Rhd1 Rgd8 25.Rxd2 Rxd2 26.Ra4 e5 27.Kf1 h3 28.b3 f6 29.f4 h6
30.b4 h5 31.fxe5 fxe5  0-1

[Event "Decin op"]
[Site "Decin"]
[Date "1996.??.??"]
[Round "8"]
[White "Meduna, Eduard"]
[Black "Konopka, Michal"]
[Result "1-0"]
[WhiteElo "2450"]
[BlackElo "2405"]

1.d4 Nf6 2.Bg5 Ne4 3.Bf4 c5 4.f3 Qa5+ 5.c3 Nf6 6.d5 d6 7.e4 g6 8.Bd3 Bg7
9.Ne2 O-O 10.Nd2 Nbd7 11.O-O Ne5 12.Bc2 b5 13.a4 b4 14.c4 Nh5 15.Be3 f5 16.exf5 Bxf5
17.b3 Bxc2 18.Qxc2 Rf7 19.Rae1 Raf8 20.Ne4 h6 21.Bc1 Qa6 22.f4 Nd7 23.g4 Nhf6
24.Nxf6+ Rxf6 25.Bb2 e5 26.dxe6 Rxe6 27.Bxg7 Kxg7 28.f5 gxf5 29.Nf4 Rxe1
30.Rxe1 Rf7 31.Ne6+ Kg8 32.gxf5 Ne5 33.Qg2+ Kh8 34.Qa8+ Kh7 35.Re4 Qc6 36.Ng5+ Kg7
37.Qxc6 Nxc6 38.Nxf7 Kxf7 39.Re6 Nd4 40.Rxd6 Nxb3 41.Ra6 Nd2 42.Rxa7+ Kf6
43.a5 Nxc4 44.a6 Nb6 45.Rc7  1-0

[Event "Decin op"]
[Site "Decin"]
[Date "1996.??.??"]
[Round "9"]
[White "Cech, Pavel"]
[Black "Semerij, Yurij"]
[Result "0-1"]
[WhiteElo "2325"]
[BlackElo "2205"]

1.d4 Nf6 2.Bg5 Ne4 3.h4 Nxg5 4.hxg5 e5 5.dxe5 Qxg5 6.Nf3 Qg6 7.Nc3 Bb4 8.Qd3 Qxd3
9.exd3 d6 10.exd6 Bxd6 11.Nb5 Bf4 12.Rh4 a6 13.Rxf4 axb5 14.d4 c6 15.Kd2 O-O
16.Bd3 h6 17.g4 f6 18.Re4 f5 19.Re7 fxg4 20.Ne5 Bf5 21.Rxb7 Bxd3 22.Kxd3 Na6
23.Nxg4 Nb4+ 24.Ke4 Nxc2 25.Rg1 Rae8+ 26.Ne5 g5 27.Rh1 Rf4+ 28.Kd3 Nxd4 29.Ng6 Rf7
30.Rxh6 Rxb7  0-1

[Event "DEN-chT9596"]
[Site "DEN"]
[Date "1996.??.??"]
[Round "4"]
[White "Kristensen, Bjarke"]
[Black "Mortensen, Erling"]
[Result "1/2-1/2"]
[WhiteElo "2455"]
[BlackElo "2500"]

1.d4 Nf6 2.Bg5 Ne4 3.Bf4 c5 4.f3 Nf6 5.dxc5 Qa5+ 6.Qd2 Qxc5 7.e4 d6 8.Nc3 a6
9.Be3 Qc7 10.Na4 Nbd7 11.c4 e6 12.Rc1 Be7 13.Nh3 b6 14.Be2 Bb7 15.O-O Rc8
16.Rfd1 O-O 17.Bf1 Bc6 18.Nc3 Qb8 19.a4 Nc5 20.Qc2 a5 21.b3 Rfd8 22.Nf4 Nfd7
23.Nfe2 Bb7 24.Rb1 Ne5 25.Nd4 Nc6 26.Qf2 Bf6 27.Ncb5 Be5 28.Qh4 Nb4 29.Kh1 Re8
30.Qg4  1/2-1/2

[Event "DEN-chT9596"]
[Site "DEN"]
[Date "1996.??.??"]
[Round "7"]
[White "Thuesen, Mogens"]
[Black "Nordenbaek, Jan"]
[Result "1-0"]
[WhiteElo "2250"]
[BlackElo "2205"]

1.d4 Nf6 2.Bg5 Ne4 3.Bh4 c5 4.f3 g5 5.fxe4 gxh4 6.e3 Bh6 7.Kf2 Qb6 8.Nc3 O-O
9.Nd5 Qe6 10.Nc7 Qxe4 11.Qd3 Qc6 12.Nxa8 b6 13.Nf3 Bb7 14.Qf5 e6 15.Qg4+ Bg7
16.Bd3 f5 17.Qxh4 c4 18.Be2 f4 19.Rhe1 Bxa8 20.c3 fxe3+ 21.Kxe3 Qb5 22.b4 Nc6
23.Rf1 Bf6 24.Qg3+ Kh8 25.Ne5 Ne7 26.Bxc4 Qa4 27.Bd3 Qa3 28.Kd2 Qb2+ 29.Bc2 Be4
30.Rac1 d6 31.Nd3 Qa3 32.Rxf6 Rxf6 33.Qh4 Nd5 34.Qxe4 Qxc3+ 35.Ke2 Qa3 36.Bb3  1-0

[Event "Nord Cup 2nd"]
[Site "Duesseldorf"]
[Date "1996.??.??"]
[Round "2"]
[White "Wiertzema, Michael"]
[Black "Anderberg, Peter"]
[Result "1-0"]
[WhiteElo "2230"]
[BlackElo "1935"]

1.d4 Nf6 2.Bg5 Ne4 3.h4 c5 4.dxc5 Qa5+ 5.Nd2 Nxg5 6.hxg5 g6 7.c3 Qxc5 8.Ngf3 Bg7
9.Qa4 Nc6 10.e3 d6 11.Ne4 Qa5 12.Bb5 Bd7 13.Qxa5 Nxa5 14.Bxd7+ Kxd7 15.O-O-O h5
16.gxh6 Bxh6 17.Nfg5 Bxg5 18.Nxg5 f6 19.Nf3 Nc6 20.g4 Ne5 21.Nxe5+ fxe5 22.Kd2 Raf8
23.Ke2 Ke6 24.f3 Kf6 25.Kf2 g5 26.Kg3 Kg6 27.c4 b6 28.b3 Rc8 29.a4 a6 30.Rxh8 Rxh8
31.Rd5 Rh1 32.a5 Rb1 33.axb6 Rxb3 34.Rb5 axb5 35.c5 dxc5 36.b7 Rxe3 37.Kf2 Rb3
38.b8=Q c4 39.Qxe5 b4 40.Qe6+ Kg7 41.Qxe7+ Kh8 42.Qf6+ Kh7 43.Qf7+ Kh8 44.Qxc4 Rb2+
45.Ke3  1-0